000 01015cam a22003253a 4500
001 2610
003 PGUSA
005 20140828083017.0
008 010401s2001||||xxu|||||s|||||000 1 eng d
040 _aPGUSA
_beng
042 _adc
050 4 _aPQ
100 1 _aHugo, Victor,
_d1802-1885
245 1 0 _aNotre-Dame De Paris
_h[electronic resource] /
_cVictor Hugo
260 _bProject Gutenberg,
_c2001
506 _aPublic domain in the USA.
516 _aElectronic text
653 _aRomances
653 _aNotre-Dame de Paris (Cathedral) -- Fiction
653 _aFrance -- History -- Louis XI, 1461-1483 -- Fiction
653 _aHistorical fiction
653 _aParis (France) -- History -- To 1515 -- Fiction
653 _aPeople with disabilities -- Fiction
653 _aClergy -- Fiction
700 1 _aHapgood, Isabel Florence,
_d1850-1928
740 0 _aThe Hunchback of Notre Dame
830 0 _aProject Gutenberg
_v2610
856 4 0 _uhttp://www.gutenberg.org/ebooks/2610
942 _cEB
999 _c231947
_d231947